Estatísticas para Estados do Brasil em 1960

Clique aqui para jogar o quiz

Estatísticas Gerais

  • Esse quiz foi jogado 54 vezes
  • A pontuação média é 25 de 27

Respostas no mapa

Respostas codificadas por cores de uma escala verde-vermelha no mapa do quiz de acordo com a % correta abaixo.
 

Estatísticas das Respostas

Estado% Correto
Rio de Janeiro
98%
Acre
96%
Amapá
96%
Amazonas
96%
Bahia
96%
Ceará
96%
Espírito Santo
96%
Goiás
96%
Maranhão
96%
Mato Grosso
96%
Minas Gerais
96%
Pará
96%
Paraíba
96%
Paraná
96%
Pernambuco
96%
Piauí
96%
Rio Grande do Norte
96%
Rio Grande do Sul
96%
Rondônia
96%
Santa Catarina
96%
São Paulo
96%
Sergipe
96%
Alagoas
94%
Distrito Federal
89%
Fernando de Noronha
74%
Guanabara
66%
Rio Branco
34%

Distribuição das Pontuações

Percentil de Números Respondidos

Porcentagem de Pessoas com Cada Pontuação

Sua Pontuação Histórica

Você não jogou esse quiz